|
|
|
|
| LEADER |
02150nam a2200457 i 4500 |
| 001 |
EBC893097 |
| 003 |
MiAaPQ |
| 005 |
20200903223051.0 |
| 006 |
m o d | |
| 007 |
cr cnu|||||||| |
| 008 |
150911t20142014gw a ob 001 0 eng d |
| 020 |
|
|
|z 9783110265927
|
| 020 |
|
|
|a 9783110266412
|q (electronic bk.)
|
| 035 |
|
|
|a (MiAaPQ)EBC893097
|
| 035 |
|
|
|a (Au-PeEL)EBL893097
|
| 035 |
|
|
|a (CaPaEBR)ebr10861271
|
| 035 |
|
|
|a (OCoLC)876396950
|
| 040 |
|
|
|a MiAaPQ
|b eng
|e rda
|e pn
|c MiAaPQ
|d MiAaPQ
|
| 050 |
|
4 |
|a CB311
|b .C667 2014
|
| 082 |
0 |
|
|a 930
|2 23
|
| 245 |
0 |
0 |
|a Constituent, confederate, and conquered space :
|b the emergence of the Mittani state /
|c edited by Eva Cancik-Kirschbaum, Nicole Brisch, Jesper Eidem.
|
| 264 |
|
1 |
|a Berlin, [Germany] ;
|a Boston, [Massachusetts] :
|b De Gruyter,
|c 2014.
|
| 264 |
|
4 |
|c 2014
|
| 300 |
|
|
|a 1 online resource (300 pages) :
|b illustrations.
|
| 336 |
|
|
|a text
|2 rdacontent
|
| 337 |
|
|
|a computer
|2 rdamedia
|
| 338 |
|
|
|a online resource
|2 rdacarrier
|
| 490 |
1 |
|
|a Topoi, Berlin Studies of the Ancient World,
|x 2191-5806 ;
|v Volume 17
|
| 500 |
|
|
|a "Proceedings of a conference held summer of 2009."
|
| 504 |
|
|
|a Includes bibliographical references at the end of each chapters and index.
|
| 588 |
|
|
|a Description based on print version record.
|
| 590 |
|
|
|a Electronic reproduction. Ann Arbor, MI : ProQuest, 2016. Available via World Wide Web. Access may be limited to ProQuest affiliated libraries.
|
| 651 |
|
0 |
|a Mitanni (Ancient kingdom)
|x History
|v Congresses.
|
| 655 |
|
4 |
|a Electronic books.
|
| 700 |
1 |
|
|a Cancik-Kirschbaum, Eva Christiane,
|e editor.
|
| 700 |
1 |
|
|a Brisch, Nicole Maria,
|e editor.
|
| 700 |
1 |
|
|a Eidem, J.
|q (Jesper),
|e editor.
|
| 776 |
0 |
8 |
|i Print version:
|t Constituent, confederate, and conquered space : the emergence of the Mittani state.
|d Berlin, [Germany] ; Boston, [Massachusetts] : De Gruyter, c2014
|h viii, 290 pages
|k Topoi, Berlin studies of the ancient world ; Volume 17.
|z 9783110265927
|w 2013478635
|
| 797 |
2 |
|
|a ProQuest (Firm)
|
| 830 |
|
0 |
|a Topoi ;
|v Volume 17.
|
| 856 |
4 |
0 |
|u https://ebookcentral.proquest.com/lib/matrademy/detail.action?docID=893097
|z Click to View
|